A carregar...
Nibhandh- sawraby /
| Autor principal: | |
|---|---|
| Formato: | Printed Book |
| Idioma: | Hindi |
| Publicado em: |
Varanasi:
Chaukhamba Vidhya Bhavan,
.
|
| Assuntos: |
| LEADER | 00555cam a2200193ua 4500 | ||
|---|---|---|---|
| 008 | 060815t||||||||||| 00 ||hin c | ||
| 041 | 0 | |a hin | |
| 082 | |a H891.43 |b MIS/N | ||
| 100 | 0 | |a Babulal Mishra, | |
| 245 | 0 | 0 | |a Nibhandh- sawraby / |
| 260 | |a Varanasi: |b Chaukhamba Vidhya Bhavan, |c . | ||
| 300 | |a 53p.. | ||
| 362 | 1 | |a . | |
| 365 | |a Rs.10/. |e pb | ||
| 504 | |a . | ||
| 650 | 0 | |a Hindi literature | |
| 942 | |c BK | ||
| 999 | |c 12224 |d 12224 | ||
| 952 | |0 0 |1 0 |4 0 |6 H_891_430000000000000_MIS |7 0 |9 12759 |a KUCL |b KUCL |d 2014-05-23 |l 0 |o H891.43 MIS/ |p 14103 |r 2014-05-23 |w 2014-05-23 |y BK | ||